000 01120nam a22002057a 4500
003 OSt
005 20210526120307.0
008 190725b xxu||||| |||| 00| 0 eng d
040 _cLC
050 _aKRX19.A3.G34
245 _aGhana Monthly Judgements: law report of Superior Courts of Ghana: January, 2019: part 128. /
_cedited by Kwame Gyan.
260 _aAccra:
_bLegalpoint Ltd.,
_c2019.
300 _axxix, 280 p. :
_c23 cm.
440 _aGhana monthly judgements: law report of Superior Courts of Ghana: October, 2018: part 125.
500 _aIncludes index.
505 _aContents: Citation -- Index of cases reported -- Index of Ghanaian cases referred to in this report -- Index of foreign cases referred to in this report -- Index of statutes referred to in this report -- Monograph referred to in this report -- Rules of court referred to in this report -- Index of subject-matter referred to in this report.
653 _a Ghana. -- Supreme Court.
_a Law reports, digests, etc. -- Ghana.
_aGhana. Court of Appeal. Ghana. Supreme Court. Ghana. High Court.
700 _aGyan, Kwame.
942 _2lcc
_cBK
999 _c7606
_d15106